Caracas en el epistolario de Bello / (Record no. 17809)
[ view plain ]
| 000 -CABECERA | |
|---|---|
| campo de control de longitud fija | 00769cam a2200217 a 4500 |
| 001 - NÚMERO DE CONTROL | |
| campo de control | 000018288 |
| 003 - IDENTIFICADOR DEL NÚMERO DE CONTROL | |
| campo de control | DO-SdBNP |
| 005 - FECHA Y HORA DE LA ÚLTIMA TRANSACCIÓN | |
| campo de control | 20251028134823.0 |
| 008 - DATOS DE LONGITUD FIJA--INFORMACIÓN GENERAL | |
| campo de control de longitud fija | 790815s1979 ve 000 0aspa d |
| 040 ## - FUENTE DE LA CATALOGACIÓN | |
| Centro catalogador/agencia de origen | DO-SdBNP |
| Lengua de catalogación | spa |
| Centro/agencia transcriptor | BNPHU |
| 082 ## - NÚMERO DE LA CLASIFICACIÓN DECIMAL DEWEY | |
| Número de clasificación | Ve866.5 |
| Número de documento/Ítem | B446c |
| 100 1# - ENTRADA PRINCIPAL--NOMBRE DE PERSONA | |
| Nombre de persona | Bello, Andrés, |
| Fechas asociadas al nombre | 1781-1865. |
| 9 (RLIN) | 22352 |
| 245 10 - MENCIÓN DE TÍTULO | |
| Título | Caracas en el epistolario de Bello / |
| Mención de responsabilidad, etc. | Andrés de Jesús María y José Bello López. |
| 260 ## - PUBLICACIÓN, DISTRIBUCIÓN, ETC. | |
| Lugar de publicación, distribución, etc. | Caracas, Venezuela : |
| Nombre del editor, distribuidor, etc. | Ediciones de la Casa de Bello, |
| Fecha de publicación, distribución, etc. | 1979. |
| 300 ## - DESCRIPCIÓN FÍSICA | |
| Extensión | 69 p. ; |
| Dimensiones | 23 cm. |
| 600 14 - PUNTO DE ACCESO ADICIONAL DE MATERIA--NOMBRE DE PERSONA | |
| Nombre de persona | Bello, Andrés, |
| Fechas asociadas al nombre | 1781-1865 |
| Subdivisión general | Correspondencia |
| 9 (RLIN) | 39601 |
| 650 #4 - PUNTO DE ACCESO ADICIONAL DE MATERIA--TÉRMINO DE MATERIA | |
| Término de materia o nombre geográfico como elemento de entrada | Cartas venezolanas |
| 9 (RLIN) | 39602 |
| 650 #4 - PUNTO DE ACCESO ADICIONAL DE MATERIA--TÉRMINO DE MATERIA | |
| Término de materia o nombre geográfico como elemento de entrada | Autores venezolanos |
| Subdivisión cronológica | Siglo XIX |
| Subdivisión general | Correspondencia |
| 9 (RLIN) | 39603 |
| 651 #4 - PUNTO DE ACCESO ADICIONAL DE MATERIA--NOMBRE GEOGRÁFICO | |
| Nombre geográfico | Caracas (Venezuela) |
| Subdivisión general | Micelaneas |
| 9 (RLIN) | 39604 |
| 942 ## - ELEMENTOS DE PUNTO DE ACCESO ADICIONAL (KOHA) | |
| Fuente del sistema de clasificación o colocación | Dewey Decimal Classification |
| Tipo de ítem Koha | Libro |
| Estado de retiro | Estado de pérdida | Restricciones de uso | No para préstamo | Código de colección | Localización permanente | Ubicación/localización actual | Ubicación en estantería | Fecha de adquisición | Número de inventario | Total de préstamos | Signatura topográfica completa | Código de barras | Fecha visto por última vez | Precio válido a partir de | Tipo de ítem Koha | Número de copia |
|---|---|---|---|---|---|---|---|---|---|---|---|---|---|---|---|---|
| Excluido de préstamo | Monografías: Libros y Folletos | General | General | Depósito | 22.04.2010 | LF1 | Ve866.5 B446c | 18288-10 | 25.06.2020 | 25.06.2020 | No se presta | |||||
| Extraviado | Excluido de préstamo | Monografías: Libros y Folletos | General | General | Extraviado | 26.05.2017 | LF1 | Ve866.5 B446c | 18288-20 | 25.06.2020 | 25.06.2020 | No se presta | e. 2 |
